Gigi Perez Discography - Statistics

General Stats
  • This quiz has been taken 118 times
  • The average score is 15 of 21
Answer Stats
Album/Single Release Year Song Title % Correct
At The Beach, In Every Life 2025 (Single in 2024) Sailor Song
100%
At The Beach, In Every Life 2025 At The Beach, In Every Life
95%
At The Beach, In Every Life 2025 (Single in 2024) Fable
92%
At The Beach, In Every Life 2025 (Single in 2024) Please Be Rude
85%
At The Beach, In Every Life 2025 Sugar Water
85%
At The Beach, In Every Life 2025 Twister
85%
At The Beach, In Every Life 2025 (Single in 2024) Normalcy
84%
At The Beach, In Every Life 2025 Chemistry
82%
At The Beach, In Every Life 2025 Crown
79%
Single 2021 Sometimes (Backwood)
79%
At The Beach, In Every Life 2025 Sleeping
77%
At The Beach, In Every Life 2025 Survivor's Guilt
74%
How To Catch A Falling Knife 2023 (Single in 2022) Sally
67%
How To Catch A Falling Knife 2023 (Single in 2022) When She Smiles
66%
At The Beach, In Every Life 2025 Nothing, Absolutely
64%
How To Catch A Falling Knife 2023 (Single in 2022) Glue
61%
How To Catch A Falling Knife 2023 Karma
56%
How To Catch A Falling Knife 2023 Kill For You
56%
How To Catch A Falling Knife 2023 Balsam Fir
54%
How To Catch A Falling Knife 2023 (Single in 2022) The Man
54%
How To Catch A Falling Knife 2023 (Single in 2022) Figurines
49%
No matching quizzes found
Score Distribution
Percent of People with Each Score
Percentile by Number Answered
Your Score History
You have not taken this quiz